000 01391nam a2200361 a 4500
001 ebr10538024
003 CaPaEBR
006 m u
007 cr cn|||||||||
008 111219s2012 dcua sb 001 0 eng d
010 _z 2011052338
020 _z9780821389447 (electronic)
020 _z9780821386842
020 _z9780821389447 (e-book)
040 _aCaPaEBR
_cCaPaEBR
035 _a(OCoLC)781542967
050 1 4 _aS494.5.I5
_bA32213 2012eb
082 0 4 _a338.1/6
_223
245 0 0 _aAgricultural innovation systems
_h[electronic resource] :
_ban investment sourcebook.
260 _aWashington, D.C. :
_bWorld Bank,
_c2012.
300 _axx, 658 p. :
_bill.
490 1 _aAgriculture and rural development
504 _aIncludes bibliographical references and index.
533 _aElectronic reproduction.
_bPalo Alto, Calif. :
_cebrary,
_d2011.
_nAvailable via World Wide Web.
_nAccess may be limited to ebrary affiliated libraries.
650 0 _aAgricultural innovations
_xEconomic aspects.
650 0 _aAgriculture
_xEconomic aspects.
650 0 _aRural development.
655 7 _aElectronic books.
_2local
710 2 _aWorld Bank.
710 2 _aebrary, Inc.
830 0 _aAgriculture and rural development series.
856 4 0 _uhttp://site.ebrary.com/lib/rucke/Doc?id=10538024
_zAn electronic book accessible through the World Wide Web; click to view
999 _c244464
_d244464